• 首页
  • 本馆介绍
  • 公告通知
  • 最新文献
  • 馆藏检索
  • 电子资源
  • 读者导购
  • 参考咨询
  • 我的图书馆
  • 登录
  • 详细信息显示
  • 放入我的书架
  • 预约/预借图书
  • 作者相关作品
  • 分类相关作品
  • 丛书相关作品
  • 出版社相关作品

书目信息

  • 表格格式
  • 工作单格式
  • 卡片格式
题名:
孟子
    
 
作者: 张文庭 , 周定之 , 赵甄陶 英译 ;杨伯峻 今译
分册:  
出版信息: 长沙   湖南人民出版社  1999
页数: 354页
开本: 24cm
丛书名: 大中华文库
单 册:
中图分类: H319.4:B
科图分类:
主题词: 孟子--英、汉 , 英语
电子资源:
ISBN: 7-5438-2085-4
000 01235nam0 2200373 450
000 01198nam0 2200361 450
000 01141nam0 2200349 450
000 01087nam0 2200325 450
000 01072nam0 2200313 450
000 01035nam0 2200301 45
005 20061228101744.50
010    @a7-5438-2085-4@b精装@dCNY46.00
100    @a20060829d1999 ekmy0chiy0120 ea
101 2  @achi@aeng@cchi
102    @aCN@b430100
105    @ay z 000yy
200 1  @a孟子@AMeng Zi@dMencius@f赵甄陶,张文庭,周定之英译@g杨伯峻今译@zeng
210    @a长沙@c湖南人民出版社@a北京@c外文出版社@d1999
215    @a354页@d24cm
225 2  @a大中华文库@dLibrary of Chinese classics@zeng
300    @a汉英对照
410  0 @12001 @a大中华文库
510 1  @aMencius@zeng
606    @a孟子@x英、汉
606 0  @a英语
690    @aH319.4:B@v4
701  0 @a张文庭@AZhang Wen Ting@4英译@3A9735351
701  0 @a周定之@AZhou Ding Zhi@4英译@3A9745470
701  0 @a赵甄陶@AZhao Zhen Tao@4英译@3A9744105
702  0 @a杨伯峻@AYang Bo Jun@4今译@3A9719166
801  0 @aCN@b中图数据@c20061228
905    @a10447@dH319.4:B@e1135
    
    孟子=Mencius/赵甄陶,张文庭,周定之英译/杨伯峻今译.-长沙:湖南人民出版社;北京:外文出版社,1999
    354页;24cm.-(大中华文库=Library of Chinese classics)
    汉英对照
    
    ISBN 7-5438-2085-4(精装):CNY46.00
    
●
相关链接 在E读中查询图书 在五车中查询图书 在当当中查询图书 在豆瓣中查询图书


正题名:孟子     索取号:H319.4:B/1135         预约/预借

序号 登录号 条形码 馆藏地/架位号 状态 备注
1 0605901   206059012   第二样本阅览室/ [索取号:H319.4:B/1135] 在馆    
2 0605902   206059021   第四借阅区/ [索取号:H319.4:B/1135] 在馆    
唐山师范学院图书馆 欢迎您!
大连网信软件有限公司© 版权所有